| 000 | 01057cam a2200313 a 4500 | ||
|---|---|---|---|
| 999 |
_c9472 _d9472 |
||
| 001 | 3017138 | ||
| 003 | OSt | ||
| 005 | 20210114164618.0 | ||
| 008 | 941222s1995 miua 000 0 eng | ||
| 010 | _a 94047627 | ||
| 020 | _z0310485304 | ||
| 040 |
_aDLC _cDLC _dDLC |
||
| 050 | 0 | 0 |
_aBT701.2 _b.C83 1995 |
| 082 | 0 | 0 |
_a248.8/42 _220 |
| 100 | 1 |
_aCrabb, Larry, _d1944- |
|
| 245 | 1 | 0 |
_aGod calls men to move beyond- the silence [of] Adam : _bbecoming men of courage in a world of chaos / _cLarry Crabb with Don Hudson & Al Andrews. |
| 246 | 3 | 0 | _aSilence of Adam |
| 260 |
_aGrand Rapids, Mich. : _bZondervan Pub. House, _cc1995. |
||
| 300 |
_a192 p. : _bill. ; _c24 cm. |
||
| 650 | 0 | _aMen (Christian theology) | |
| 650 | 0 |
_aMen _xPsychology. |
|
| 650 | 0 | _aRole expectation. | |
| 650 | 0 |
_aMen _xReligious life. |
|
| 700 | 1 |
_aHudson, Don, _d1959- |
|
| 700 | 1 |
_aAndrews, Al, _d1954- |
|
| 906 |
_a7 _bcbc _corignew _d1 _eocip _f19 _gy-gencatlg |
||
| 942 |
_2ddc _cBK |
||